<?xml version="1.0" encoding="UTF-8"?>
<record
    xmlns:xsi="http://www.w3.org/2001/XMLSchema-instance"
    xsi:schemaLocation="http://www.loc.gov/MARC21/slim http://www.loc.gov/standards/marcxml/schema/MARC21slim.xsd"
    xmlns="http://www.loc.gov/MARC21/slim">

  <leader>01405nam a2200265 a 4500</leader>
  <controlfield tag="001">BRCA_8777</controlfield>
  <controlfield tag="005">20190320210415.0</controlfield>
  <controlfield tag="008">040417s1670----sp-#######---#000-0#spa-#</controlfield>
  <datafield tag="041" ind1=" " ind2=" ">
    <subfield code="a">spa</subfield>
  </datafield>
  <datafield tag="044" ind1=" " ind2=" ">
    <subfield code="a">sp</subfield>
  </datafield>
  <datafield tag="084" ind1=" " ind2=" ">
    <subfield code="a">BE144</subfield>
    <subfield code="b">.C37 1670</subfield>
  </datafield>
  <datafield tag="245" ind1="1" ind2="0">
    <subfield code="a">Cartas de Santa Teresa de Iesvs</subfield>
    <subfield code="b">madre y fundadora de la Reforma de la orden de nuestra Se&#xF1;ora del Carmen, de la Primitiua Observancia</subfield>
    <subfield code="c">con notas del Padre Fray Pedro de la Anunciaci&#xF3;n, lector de teolog&#xED;a de los Carmelitas  Descalzos de Pamplona; recogidos por orden del Reverend&#xED;simo Padre Fray Diego de la Presentaci&#xF3;n, General que fue de los Carmelitas Descalzos de la Primitiva Observancia.</subfield>
  </datafield>
  <datafield tag="260" ind1=" " ind2=" ">
    <subfield code="a">Madrid</subfield>
    <subfield code="b">Po Bernardo de Villa-Diego, impresor de el Rey nuestro se&#xF1;or</subfield>
    <subfield code="c">1670</subfield>
  </datafield>
  <datafield tag="300" ind1=" " ind2=" ">
    <subfield code="a">[8], [35], 433 p. (t.2)</subfield>
    <subfield code="c">21 x 1 4 cm.</subfield>
  </datafield>
  <datafield tag="500" ind1=" " ind2=" ">
    <subfield code="a">Con privilegio</subfield>
  </datafield>
  <datafield tag="500" ind1=" " ind2=" ">
    <subfield code="a">En portada: dedicadas al serenissimo se&#xF1;or, el se&#xF1;or Don Iuan de Austria</subfield>
  </datafield>
  <datafield tag="500" ind1=" " ind2=" ">
    <subfield code="a">Estado f&#xED;sico: presenta encuadernaci&#xF3;n en pergamino, con cintas rotas, algunas hojas manchadas y presencia del pez de plata</subfield>
  </datafield>
  <datafield tag="600" ind1="1" ind2="4">
    <subfield code="a">Teresa de Jes&#xFA;s, Santa</subfield>
    <subfield code="d">1515 - 1582</subfield>
    <subfield code="v">Correspondencia</subfield>
    <subfield code="9">21872</subfield>
  </datafield>
  <datafield tag="700" ind1="1" ind2=" ">
    <subfield code="a">Teresa de Jes&#xFA;s, Santa</subfield>
    <subfield code="d">1515 - -1582</subfield>
    <subfield code="9">21873</subfield>
  </datafield>
  <datafield tag="700" ind1="1" ind2=" ">
    <subfield code="a">Anunciaci&#xF3;n, Pedro de la</subfield>
    <subfield code="c">Fray</subfield>
    <subfield code="9">21874</subfield>
  </datafield>
  <datafield tag="700" ind1="1" ind2=" ">
    <subfield code="a">Presentaci&#xF3;n, Diego de la</subfield>
    <subfield code="c">Fray</subfield>
    <subfield code="9">21875</subfield>
  </datafield>
  <datafield tag="700" ind1="1" ind2=" ">
    <subfield code="a">Villa-Diego, Bernardo de</subfield>
    <subfield code="e">Impresor</subfield>
    <subfield code="9">21876</subfield>
  </datafield>
  <datafield tag="902" ind1=" " ind2=" ">
    <subfield code="a">CFM</subfield>
  </datafield>
  <datafield tag="942" ind1=" " ind2=" ">
    <subfield code="2">lcc</subfield>
    <subfield code="c">B</subfield>
  </datafield>
  <datafield tag="999" ind1=" " ind2=" ">
    <subfield code="c">8428</subfield>
    <subfield code="d">8428</subfield>
  </datafield>
  <datafield tag="952" ind1=" " ind2=" ">
    <subfield code="0">0</subfield>
    <subfield code="1">0</subfield>
    <subfield code="4">0</subfield>
    <subfield code="7">0</subfield>
    <subfield code="a">BRCA</subfield>
    <subfield code="b">BRCA</subfield>
    <subfield code="d">2017-04-04</subfield>
    <subfield code="l">0</subfield>
    <subfield code="o">BE144 .C37 1670</subfield>
    <subfield code="p">CFM00103</subfield>
    <subfield code="r">2019-03-22 00:00:00</subfield>
    <subfield code="w">2019-03-22</subfield>
    <subfield code="y">B</subfield>
  </datafield>
</record>
